Finančná analýza akciovej spoločnosti s akciami na burze cenných papierov diplomová práca

Salvato in:
Dettagli Bibliografici
Autore principale: Rabatinová, Mária
Ente Autore: Fakulta podnikového manažmentu EU. Katedra podnikových financií
Altri autori: Škriniar, Pavel, 1979-
Natura: Libro
Lingua:slovacco
Pubblicazione: Bratislava 2018
Tags: Aggiungi Tag
Nessun Tag, puoi essere il primo ad aggiungerne!!

MARC

LEADER 00000nbm a2200000 4500
001 0244965
005 20181001111314.4
041 0 |a slo 
044 |a SK 
245 1 0 |a Finančná analýza akciovej spoločnosti s akciami na burze cenných papierov  |b diplomová práca  |c Mária Rabatinová ; školiteľ: Pavel Škriniar 
264 1 |a Bratislava  |c 2018 
300 |a 80 s. 
100 1 |a Rabatinová, Mária 
700 1 |a Škriniar, Pavel, 1979- 
710 2 |a Fakulta podnikového manažmentu EU. Katedra podnikových financií